Statistiques concernant Anagrammes aléatoires - villes allemandes

Cliquez ici pour prendre le quiz!

Statistiques générales

  • Ce quiz a été pris 168 fois
  • Le résultat moyen est 7 sur 15

Statistiques - réponses

Ville% Correct
Bonn
100%
Breme
100%
Hambourg
100%
Hamm
100%
Stuttgart
100%
Dresde
83%
Hanovre
83%
Rostock
80%
Ulm
80%
Bochum
75%
Francfort
75%
Halle
75%
Trèves
75%
Berlin
67%
Munich
67%
Leipzig
63%
Bochum
50%
Cologne
50%
Essen
50%
Hagen
50%
Jena
50%
Kiel
50%
Potsdam
50%
Nuremberg
38%
Fribourg
33%
Ingolstadt
33%
Leverkusen
33%
Mannheim
33%
Braunschweig
25%
Cassel
25%
Chemnitz
25%
Darmstadt
20%
Dortmund
20%
Weimar
20%
Augsbourg
17%
Herne
17%
Bielefeld
14%
Erfurt
14%
Koblenz
14%
Karlsruhe
13%
Duisbourg
10%
Braunstadt
0%
Cottbus
0%
Flensburg
0%
Gelsenkirchen
0%
Heidelberg
0%
Magdebourg
0%
Mainz
0%
Neuss
0%
Wiesbaden
0%
Wuppertal
0%

Distribution des résultats

Percentile par nombre de réponses

% des personnes avec chaque résultat

Votre développement - résultats

Vous n’avez pas pris ce quiz